01445nam a2200241Ia 4500001001100000003001000011008004100021040002500062041001300087100004500100245003500145250001100180260008700191300002700278500026600305501011400571520026600685650003400951942000700985957000600992999004300998952016201041L240-11983IT-CnALBA170116s9999||||xx |||||||||||||| ||und|| aIT-CnALBAcIT-CnALBA aITALIANO aBOSSUET JACQUES-BENIGNE VESCOVO DI MEAUX 0aELEVAZIONI A DIO SUI MISTERI.  a1a ed. a TO BO CT PAbSOCIETÀ ED. INTER. c1934 [1° Ed.:1934 - Ed.Ling.Originale: 1934] a528 p. (prefazione: 3) aTRADUZIONE DAL FRANCESE DI D. GIULIOTTI. UNITÀ: PERFEZIONE DI DIO. TRINITÀ CREAZIONE. UOMO. ANGELI. MASCHIO E FEMMINA. UOMO FORNITO DI FACOLTÀ SPIRITUALI. CADUTA. GIUSTIZIA DI DIO. IL PECCATO ORIGINALE. LIBERAZIONE PROMESSA AD ADAMO. SACERDOZIO ANTICO. SA aSocietà San Paolo EM - Piazza San Paolo, 14 - 12051 ALBA (CN) (non commercial uses only) ® Copyright 2017 aTRADUZIONE DAL FRANCESE DI D. GIULIOTTI. UNITÀ: PERFEZIONE DI DIO. TRINITÀ CREAZIONE. UOMO. ANGELI. MASCHIO E FEMMINA. UOMO FORNITO DI FACOLTÀ SPIRITUALI. CADUTA. GIUSTIZIA DI DIO. IL PECCATO ORIGINALE. LIBERAZIONE PROMESSA AD ADAMO. SACERDOZIO ANTICO. SA aTEOLOGIA SPIRITUALE CRISTIANA cBK 71 a16736bSI g Copie: 1 c271160d271160 0010406L_2401198371aALBAbALBAd2017-01-16l0oL240-11983r2017-01-16 00:00:00w2017-01-16yBKz(data import: 16 gennaio 2017) - By Epidotti, Vaglietti.